[Event "Voronezh op-B 17th"]
[Site "Voronezh"]
[Date "2013.06.17"]
[Round "7"]
[White "Chekletsova, Darya"]
[Black "Stepanischev, Anton"]
[Result "0-1"]
[WhiteElo "1497"]
[BlackElo "1910"]
[PlyCount "84"]
[EventDate "2013.06.12"]
[EventType "swiss"]
[EventRounds "9"]
[EventCountry "RUS"]
[SourceTitle "EXT 2014"]
[Source "ChessBase"]
[SourceDate "2013.11.20"]
[SourceVersion "1"]
[SourceVersionDate "2013.11.20"]
[SourceQuality "1"]

1. d4 Nf6 2. c4 e6 3. Nc3 Bb4 4. Nf3 c5 5. Bd2 0-0 6. e3 d5 7. cxd5 exd5 8. Bd3 Nc6 9. 0-0 Bg4 10. Be2 Bxf3 11. Bxf3 cxd4 12. exd4 Nxd4 13. Re1 Nxf3+ 14. Qxf3 d4 15. Nb1 Qa5 16. Bxb4 Qxb4 17. Re2 Rfe8 18. Na3 Rxe2 19. Qxe2 Re8 20. Qd1 Qxb2 21. Nc2 Rd8 22. Rb1 Qxa2 23. Rxb7 h6 24. Rc7 d3 25. Ne3 Qa5 26. Re7 Qc5 27. Rb7 d2 28. Qb3 Kh8 29. Rb8 Qc1+ 30. Nd1 Rxb8 31. Qxb8+ Kh7 32. Qb3 Ne4 33. Qf3 Ng5 34. Qg4 g6 35. h4 Ne6 36. h5 g5 37. Qe4+ Kg8 38. Qf3 Nd4 39. Qg4 f5 40. Qxd4 Qxd1+ 41. Kh2 Qxh5+ 42. Kg1 d1R+ 0-1

[Event "Voronezh op-B 17th"]
[Site "Voronezh"]
[Date "2013.06.17"]
[Round "6"]
[White "Stepanischev, Anton"]
[Black "Galishnikov, Yuri"]
[Result "0-1"]
[WhiteElo "1910"]
[BlackElo "1853"]
[PlyCount "62"]
[EventDate "2013.06.12"]
[EventType "swiss"]
[EventRounds "9"]
[EventCountry "RUS"]
[SourceTitle "EXT 2014"]
[Source "ChessBase"]
[SourceDate "2013.11.20"]
[SourceVersion "1"]
[SourceVersionDate "2013.11.20"]
[SourceQuality "1"]

1. e4 e6 2. Nf3 d5 3. e5 c5 4. b4 cxb4 5. a3 Nc6 6. d4 f6 7. Bd3 fxe5 8. Nxe5 Nf6 9. 0-0 Bd6 10. Bb2 0-0 11. axb4 Nxb4 12. Be2 Qc7 13. Na3 Bd7 14. c4 a6 15. Rc1 Nc6 16. f4 Rae8 17. Bd3 Kh8 18. Bb1 Qb6 19. Rf2 Qd8 20. Rc3 Ne7 21. Rh3 Bxe5 22. fxe5 Ne4 23. Bxe4 dxe4 24. Qh5 h6 25. Bc1 Nf5 26. g4 e3 27. Bxe3 Nxe3 28. Rxe3 Bc6 29. Rd2 Rf4 30. Nc2 Ref8 31. Re1 Qa5 0-1

[Event "Voronezh op-B 17th"]
[Site "Voronezh"]
[Date "2013.06.14"]
[Round "3"]
[White "Manukovsky, Vladimir"]
[Black "Stepanischev, Anton"]
[Result "1-0"]
[WhiteElo "2233"]
[BlackElo "1910"]
[PlyCount "80"]
[EventDate "2013.06.12"]
[EventType "swiss"]
[EventRounds "9"]
[EventCountry "RUS"]
[SourceTitle "EXT 2014"]
[Source "ChessBase"]
[SourceDate "2013.11.20"]
[SourceVersion "1"]
[SourceVersionDate "2013.11.20"]
[SourceQuality "1"]

1. e4 e5 2. Nf3 Nc6 3. Bb5 f5 4. Nc3 fxe4 5. Nxe4 Nf6 6. Qe2 Qe7 7. 0-0 d5 8. Ng3 e4 9. Nd4 Bd7 10. Nxc6 bxc6 11. Ba4 Qb4 12. b3 Bd6 13. d3 0-0 14. dxe4 Rae8 15. Bd2 Qb8 16. Be3 Nxe4 17. Qa6 Bxg3 18. fxg3 Re6 19. Rxf8+ Qxf8 20. Rf1 Qe8 21. Qxa7 Nxg3 22. Rf3 Ne2+ 23. Kf2 Nc3 24. Qd4 Ne4+ 25. Kg1 Nf6 26. h3 Re4 27. Qd2 Bc8 28. b4 Ba6 29. c3 Re6 30. Bc2 Nd7 31. Rg3 Ne5 32. Bd4 Ng6 33. Bd1 Be2 34. Bb3 Qf7 35. Kh2 Qf1 36. a4 Bh5 37. Qg5 Re1 38. Qd8+ Kf7 39. Qxc7+ Re7 40. Qxc6 Qf4 1-0

[Event "Voronezh op 06"]
[Site "Voronezh"]
[Date "2012.07.03"]
[Round "7"]
[White "Sokolovsky, Victor"]
[Black "Stepanischev, Anton"]
[Result "1-0"]
[WhiteElo "2049"]
[BlackElo "1913"]
[PlyCount "49"]
[EventDate "2012.06.26"]
[EventType "swiss"]
[EventRounds "9"]
[EventCountry "RUS"]
[SourceTitle "EXT 2013"]
[Source "ChessBase"]
[SourceDate "2012.11.22"]
[SourceVersion "1"]
[SourceVersionDate "2012.11.22"]
[SourceQuality "1"]

1. e4 e5 2. Nf3 Nc6 3. Bb5 a6 4. Ba4 Nf6 5. 0-0 Be7 6. Re1 b5 7. Bb3 0-0 8. c3 d5 9. exd5 Nxd5 10. d4 exd4 11. Nxd4 Nxd4 12. cxd4 Bb7 13. Nc3 Nf6 14. Bf4 Bd6 15. Be5 b4 16. Na4 Ne4 17. f3 Bxe5 18. dxe5 Nd2 19. Nc5 Bc6 20. e6 Qg5 21. exf7+ Kh8 22. Ne6 Qh6 23. Nxf8 Rxf8 24. Re6 Nxf3+ 25. Qxf3 1-0

[Event "Voronezh op 06"]
[Site "Voronezh"]
[Date "2012.07.01"]
[Round "6"]
[White "Stepanischev, Anton"]
[Black "Leun, Victor"]
[Result "1-0"]
[WhiteElo "1913"]
[BlackElo "1935"]
[PlyCount "57"]
[EventDate "2012.06.26"]
[EventType "swiss"]
[EventRounds "9"]
[EventCountry "RUS"]
[SourceTitle "EXT 2013"]
[Source "ChessBase"]
[SourceDate "2012.11.22"]
[SourceVersion "1"]
[SourceVersionDate "2012.11.22"]
[SourceQuality "1"]

1. e4 Nf6 2. e5 Nd5 3. d4 d6 4. Nf3 Bg4 5. Be2 e6 6. 0-0 Be7 7. c4 Nb6 8. Be3 0-0 9. Nc3 Nc6 10. exd6 cxd6 11. d5 Bxf3 12. Bxf3 Ne5 13. dxe6 Nxf3+ 14. Qxf3 Nxc4 15. exf7+ Rxf7 16. Qxb7 Bf6 17. Qe4 Bxc3 18. bxc3 d5 19. Qe6 Qd7 20. Qxd7 Rxd7 21. Bd4 Rb8 22. h4 Kf7 23. Rfe1 Rdb7 24. Rad1 Rd8 25. Rd3 a5 26. Rf3+ Kg8 27. Re6 Rf8 28. Rg3 Rb2 29. Rxg7+ 1-0

[Event "Voronezh op 06"]
[Site "Voronezh"]
[Date "2012.06.26"]
[Round "1"]
[White "Klimentov, Roman"]
[Black "Stepanischev, Anton"]
[Result "1/2-1/2"]
[WhiteElo "2274"]
[BlackElo "1913"]
[PlyCount "92"]
[EventDate "2012.06.26"]
[EventType "swiss"]
[EventRounds "9"]
[EventCountry "RUS"]
[SourceTitle "EXT 2013"]
[Source "ChessBase"]
[SourceDate "2012.11.22"]
[SourceVersion "1"]
[SourceVersionDate "2012.11.22"]
[SourceQuality "1"]

1. e4 e5 2. Nf3 Nc6 3. Bb5 a6 4. Ba4 Nf6 5. 0-0 Be7 6. Bxc6 dxc6 7. d3 Qd6 8. Nbd2 Bg4 9. h3 Bh5 10. Nc4 Qe6 11. Qe2 0-0-0 12. Qe3 Nd7 13. Nh2 g5 14. Qg3 f6 15. a4 Bg6 16. Bd2 Bxe4 17. b4 Nb8 18. Rfb1 h5 19. b5 cxb5 20. axb5 axb5 21. Rxb5 Bc6 22. Rbb1 Bc5 23. Na5 h4 24. Qg4 f5 25. Qc4 Qxc4 26. Nxc4 Rde8 27. Bc3 Bd4 28. Bxd4 exd4 29. Ra5 Rhf8 30. Ne5 b6 31. Nxc6 Nxc6 32. Ra8+ Kd7 33. Rxe8 Rxe8 34. Nf3 g4 35. Nxh4 gxh3 36. gxh3 Rh8 37. Nxf5 Rxh3 38. Ng3 Rh6 39. Kg2 Ne5 40. Rf1 c5 41. Ra1 Rg6 42. Ra7+ Kd6 43. f4 Ng4 44. f5 Rg8 45. Kf3 Ne5+ 46. Kf2 Ng4+ 1/2-1/2

[Event "Voronezh op-B 15th"]
[Site "Voronezh"]
[Date "2011.06.13"]
[Round "2"]
[White "Pogosian, Georgy"]
[Black "Stepanischev, Anton"]
[Result "0-1"]
[WhiteElo "2171"]
[BlackElo "1827"]
[PlyCount "120"]
[EventDate "2011.06.12"]
[EventType "swiss"]
[EventRounds "9"]
[EventCountry "RUS"]
[SourceTitle "CBM 143 Extra"]
[Source "ChessBase"]
[SourceDate "2011.08.29"]
[SourceVersion "1"]
[SourceVersionDate "2011.08.29"]
[SourceQuality "1"]

1. d4 d5 2. Nf3 Nf6 3. c4 e6 4. g3 b6 5. Bg2 Bb7 6. 0-0 Be7 7. Nc3 0-0 8. cxd5 exd5 9. Bf4 Ne4 10. Qc2 Na6 11. a3 Nxc3 12. Qxc3 Rc8 13. Bh3 f5 14. Qc2 g5 15. Bxf5 gxf4 16. Bxh7+ Kh8 17. Bf5 Bd6 18. Nh4 Rf6 19. Ng6+ Kg7 20. gxf4 Rxg6+ 21. Bxg6 Qh4 22. Qf5 Rf8 23. Qh5 Qxf4 24. e3 Qf3 25. Qxf3 Rxf3 26. Kg2 Rf8 27. Bd3 Rh8 28. Rh1 c5 29. h4 Be7 30. Rag1 Kf8 31. Kf3 Bf6 32. Rg4 Ke7 33. h5 Bc8 34. Rg6 Nc7 35. dxc5 bxc5 36. b3 Ne6 37. Ke2 Ng5 38. h6 Be6 39. Rc1 Bf7 40. Rg7 Bxg7 41. hxg7 Rc8 42. Bf5 Be6 43. Bd3 Ne4 44. f3 Nd6 45. Rg1 Bg8 46. f4 c4 47. bxc4 dxc4 48. Bc2 c3 49. Rb1 Kf6 50. e4 Kxg7 51. e5 Bc4+ 52. Ke3 Nb5 53. f5 Nxa3 54. Rg1+ Kf7 55. Be4 c2 56. Rh1 Bd5 57. Rc1 Bxe4 58. Kxe4 Ke7 59. Kd3 a5 60. Kd2 Kf7 0-1

[Event "Voronezh Region-ch"]
[Site "Voronezh"]
[Date "2010.12.07"]
[Round "1"]
[White "Stepanischev, Anton"]
[Black "Katkov, Vitaly"]
[Result "0-1"]
[WhiteElo "1831"]
[BlackElo "2115"]
[PlyCount "92"]
[EventDate "2010.12.07"]
[EventType "swiss"]
[EventRounds "9"]
[EventCountry "RUS"]
[SourceTitle "EXT 2013"]
[Source "ChessBase"]
[SourceDate "2012.11.22"]
[SourceVersion "1"]
[SourceVersionDate "2012.11.22"]
[SourceQuality "1"]

1. e4 c5 2. Nc3 g6 3. g3 Bg7 4. Bg2 e6 5. Nge2 Nc6 6. d3 Nge7 7. 0-0 0-0 8. Be3 b6 9. Qd2 Re8 10. Rad1 Ba6 11. Rfe1 Rc8 12. Nf4 Nd4 13. Nb1 f5 14. c3 e5 15. Nd5 Nxd5 16. exd5 Nb5 17. f4 e4 18. dxe4 fxe4 19. Bf1 d6 20. Bh3 Rb8 21. f5 Bc8 22. Qg2 gxf5 23. Rf1 Rf8 24. Rf2 Qe8 25. g4 fxg4 26. Rxf8+ Bxf8 27. Bxg4 Bxg4 28. Qxg4+ Qg6 29. Qxg6+ hxg6 30. Nd2 Re8 31. Nc4 Nc7 32. Bf4 e3 33. Nxd6 Rd8 34. Ne4 e2 35. Re1 Nxd5 36. Bg5 Re8 37. Nf6+ Nxf6 38. Bxf6 Bh6 39. Bh4 Bd2 40. Kf2 Bxe1+ 41. Kxe1 c4 42. Bg5 b5 43. a3 a6 44. h3 Kf7 45. h4 Re4 46. Bd8 Ke6 0-1